000 00662cam a2200193 4500
001 WB3716-24
008 000000n2001 000 0 eng u
035 _a(Sirsi) u112144
245 _aNottingham unveils waterfront regeneration
260 _c2001
490 _aFinancial Times
_v24 April 2001, 6(1)
520 _aNottingham Waterside partnership has announced a £1.4bn redevelopment plan for the river Trent area in a bid to win back middle-class families and create a more balanced social mix.
590 _aWB
650 _aWATERFRONT DEVELOPMENT
650 _aNOTTINGHAM
650 _aSOCIAL REGENERATION
690 _aREGENERATION
942 _n0
999 _c66787
_d66787